Chargement en cours...
Indian Ocean : images and realities
| Auteur principal: | |
|---|---|
| Format: | Printed Book |
| Publié: |
New DElhi
Oxford & IBH
1999
|
| Sujets: |
| LEADER | 00519cam a2200181ua 4500 | ||
|---|---|---|---|
| 020 | |a 81-204-1380-6 | ||
| 082 | |a 551.467 |b QAS/I | ||
| 100 | |a Qasim, S.Z | ||
| 245 | 1 | 0 | |a Indian Ocean : images and realities |
| 260 | |a New DElhi |b Oxford & IBH |c 1999 | ||
| 300 | |a 340p. | ||
| 500 | |a Includes index. | ||
| 650 | |a Oceanography | ||
| 650 | 0 | |a Hydrosphere | |
| 650 | 0 | |a Geology | |
| 942 | |c BK | ||
| 999 | |c 1752 |d 1752 | ||
| 952 | |0 0 |1 0 |4 0 |6 551_467000000000000_QASI |7 0 |9 1818 |a KUCL |b KUCL |d 2014-05-23 |l 0 |o 551.467 QAS/I |p 04874 |r 2014-05-23 |y BK | ||